Guia dels arxius històrics de Catalunya, 1
Descripción Física:
1 v. ; 18 cm
Materias:
Arxius -- Catalunya -- Guies
MARC
| LEADER | 00000nam a2200000Ia 4500 | ||
|---|---|---|---|
| 001 | 7656 | ||
| 008 | 160829s1982 xx 000 0 cat d | ||
| 080 | |a A-2-46 | ||
| 245 | |a Guia dels arxius històrics de Catalunya, 1 | ||
| 260 | |a Barcelona : |b Generalitat de Catalunya. Departament de Cultura, |c 1982 | ||
| 300 | |a 1 v. ; |c 18 cm | ||
| 590 | |a Inclou: Arxiu Històric Fidel Fita d'Arenys de Mar, Arxiu Històric Comarcal de Cervera, Arxiu Històric Municipal d'Igualada, Arxiu Històric Municipal de Sitges, Arxiu Històric de Terrassa i Arxiu Històric Municipal de Valls. | ||
| 590 | |a A la part superior de la portada: Direcció General del Patrimoni Escrit i Documental. Servei d'Arxius | ||
| 650 | |a Arxius |x Catalunya |x Guies |9 35581 | ||
| 710 | 2 | |a Catalunya. |b Departament de Cultura |9 52819 | |
| 710 | 1 | |a Catalunya. |b Servei d'Arxius |9 2924 | |
| 901 | |a Arxiu | ||
| 942 | |n 1 | ||
| 952 | |0 0 |1 0 |4 0 |6 A246 |7 1 |9 46968 |a Arxiu |b Arxiu |d 2016-12-01 |l 0 |o A-2-46 |p 7656 |r 2016-12-01 00:00:00 |w 2016-12-01 |y ARXIU | ||
| 999 | |c 50761 |d 50761 | ||